| 000 | 00466nam a2200145Ia 4500 | ||
|---|---|---|---|
| 003 | GCL | ||
| 008 | 140319s9999 xx 000 0 ara d | ||
| 040 |
_aGCL / _cGCL |
||
| 082 | 0 | 4 |
_a813.01 _bص ن |
| 100 | 1 | _aصلاح طنطاوى | |
| 245 | 1 | 0 |
_aالناس والحجارة : قصص قصيرة / _cصلاح طنطاوى |
| 700 | 1 | _aمهدى علام | |
| 300 | _a167 ص | ||
| 490 |
_aالمجلس الأعلى لرعاية الفنون والأدب والعلوم _v0 |
||
| 999 |
_c47548 _d47548 |
||